<?xml version="1.0" encoding="UTF-8"?>
<record
    xmlns:xsi="http://www.w3.org/2001/XMLSchema-instance"
    xsi:schemaLocation="http://www.loc.gov/MARC21/slim http://www.loc.gov/standards/marcxml/schema/MARC21slim.xsd"
    xmlns="http://www.loc.gov/MARC21/slim">

  <leader>00951cam a2200193 a 4500</leader>
  <controlfield tag="001">000026122</controlfield>
  <controlfield tag="005">20200930024324.0</controlfield>
  <controlfield tag="008">810327s1969    ag            000 | spa d</controlfield>
  <datafield tag="040" ind1=" " ind2=" ">
    <subfield code="a">DO-SdBNP</subfield>
    <subfield code="b">spa</subfield>
    <subfield code="c">BNPHU</subfield>
  </datafield>
  <datafield tag="082" ind1=" " ind2=" ">
    <subfield code="a">xxxx</subfield>
    <subfield code="b">D926c</subfield>
  </datafield>
  <datafield tag="100" ind1="1" ind2=" ">
    <subfield code="a">Dunstan, Irene Z.</subfield>
    <subfield code="9">53080</subfield>
  </datafield>
  <datafield tag="245" ind1="1" ind2="0">
    <subfield code="a">Como crear buenos h&#xE1;bitos, seguridad y aptitud f&#xED;sica en el ni&#xF1;o /</subfield>
    <subfield code="c">Irene Z. Dunstan, Lonnie Gilliland, Bernard W. Dolat.</subfield>
  </datafield>
  <datafield tag="260" ind1=" " ind2=" ">
    <subfield code="a">Buenos Aires :</subfield>
    <subfield code="b">Centro Regional de Ayuda T&#xE9;cnica :</subfield>
    <subfield code="b">Agencia para el Desarrollo Internacional ,</subfield>
    <subfield code="c">1969.</subfield>
  </datafield>
  <datafield tag="300" ind1=" " ind2=" ">
    <subfield code="a">161 p. ;</subfield>
    <subfield code="c">18 cm.</subfield>
  </datafield>
  <datafield tag="500" ind1=" " ind2=" ">
    <subfield code="a">Bibliograf&#xED;a : p. 153-161</subfield>
  </datafield>
  <datafield tag="505" ind1="1" ind2=" ">
    <subfield code="g">Cap 1 --</subfield>
    <subfield code="t">Desarrollo de buen h&#xE1;bitos en el jard&#xED;n de infante /</subfield>
    <subfield code="r">Irene Z. Dunstan --</subfield>
    <subfield code="g">Cap. 2 --</subfield>
    <subfield code="t">La seguridad en la escuela, el hogar y la comunidad /</subfield>
    <subfield code="r">Lonnie Gilliland --</subfield>
    <subfield code="g">Cap. 3 --</subfield>
    <subfield code="t">Aspectos fundamentales de la aptitud f&#xED;sica /</subfield>
    <subfield code="r">Bernard W. Dolat.</subfield>
  </datafield>
  <datafield tag="700" ind1="1" ind2=" ">
    <subfield code="a">Dolat, Bernard W.</subfield>
    <subfield code="9">53081</subfield>
  </datafield>
  <datafield tag="700" ind1="1" ind2=" ">
    <subfield code="a">Gilliland, Lonnie,</subfield>
    <subfield code="9">53082</subfield>
  </datafield>
  <datafield tag="952" ind1=" " ind2=" ">
    <subfield code="0">0</subfield>
    <subfield code="1">0</subfield>
    <subfield code="5">0</subfield>
    <subfield code="7">1</subfield>
    <subfield code="8">MO</subfield>
    <subfield code="a">GR</subfield>
    <subfield code="b">GR</subfield>
    <subfield code="c">CT</subfield>
    <subfield code="d">2011-03-01</subfield>
    <subfield code="i">LF1</subfield>
    <subfield code="l">0</subfield>
    <subfield code="o">xxxx D926c</subfield>
    <subfield code="p">26122-10</subfield>
    <subfield code="r">2020-06-25</subfield>
    <subfield code="w">2020-06-25</subfield>
    <subfield code="y">1</subfield>
    <subfield code="Z">No se presta</subfield>
  </datafield>
  <datafield tag="952" ind1=" " ind2=" ">
    <subfield code="0">0</subfield>
    <subfield code="1">0</subfield>
    <subfield code="5">0</subfield>
    <subfield code="7">-1</subfield>
    <subfield code="8">MO</subfield>
    <subfield code="a">GR</subfield>
    <subfield code="b">GR</subfield>
    <subfield code="c">OI</subfield>
    <subfield code="d">2017-06-02</subfield>
    <subfield code="i">LF1</subfield>
    <subfield code="l">0</subfield>
    <subfield code="o">xxxx D926c</subfield>
    <subfield code="p">26122-20</subfield>
    <subfield code="r">2020-06-25</subfield>
    <subfield code="w">2020-06-25</subfield>
    <subfield code="y">1</subfield>
    <subfield code="Z">No se presta</subfield>
  </datafield>
  <datafield tag="999" ind1=" " ind2=" ">
    <subfield code="c">25614</subfield>
    <subfield code="d">25614</subfield>
  </datafield>
</record>
